[Event "Belgrade-chT"]
[Site "Belgrade"]
[Date "2009.10.11"]
[Round "8"]
[White "Skare, Goran"]
[Black "Jovicic, Milos"]
[Result "1/2-1/2"]
[WhiteElo "2297"]
[BlackElo "2334"]
[PlyCount "30"]
[EventDate "2009.10.04"]
[EventType "team-tourn"]
[EventRounds "9"]
[EventCountry "YUG"]
[SourceTitle "CBM 132 Extra"]
[Source "ChessBase"]
[SourceDate "2009.11.03"]
[SourceVersion "1"]
[SourceVersionDate "2009.11.03"]
[SourceQuality "1"]

1. d4 e6 2. e4 c5 3. d5 exd5 4. exd5 d6 5. c4 Nf6 6. Nc3 Be7 7. Bd3 0-0 8. h3 Re8 9. Be3 Nbd7 10. Nf3 Nf8 11. 0-0 Ng6 12. Re1 a6 13. a4 b6 14. Qc2 Ra7 15. Bd2 Bf8 1/2-1/2

[Event "Belgrade-chT"]
[Site "Belgrade"]
[Date "2008.10.11"]
[Round "7"]
[White "Jovicic, Milos"]
[Black "Karaklajic, Nikola"]
[Result "1-0"]
[WhiteElo "2346"]
[BlackElo "2303"]
[PlyCount "69"]
[EventDate "2008.10.05"]
[EventType "team-tourn"]
[EventRounds "9"]
[EventCountry "YUG"]
[SourceTitle "CBM 126 Extra"]
[Source "ChessBase"]
[SourceDate "2008.11.05"]
[SourceVersion "1"]
[SourceVersionDate "2008.11.05"]
[SourceQuality "1"]

1. c4 e6 2. Nc3 d5 3. d4 c6 4. Nf3 Nf6 5. Bg5 dxc4 6. e4 b5 7. e5 h6 8. Bh4 g5 9. exf6 gxh4 10. Ne5 Qxf6 11. a4 Bb7 12. Be2 h3 13. Bf3 hxg2 14. Rg1 Bd6 15. Ne4 Bb4+ 16. Ke2 Qe7 17. Rxg2 Nd7 18. Rg7 0-0-0 19. Ng6 Qe8 20. Nxh8 Qxh8 21. Qg1 Bf8 22. Rxf7 Qxd4 23. Rd1 Qxb2+ 24. Rd2 Qe5 25. Qd1 Qc7 26. Bg4 Qe5 27. Bf3 Qc7 28. Rdxd7 Qxd7 29. Rxd7 Rxd7 30. Qc1 Rd5 31. Qc3 Kc7 32. Qa5+ Kb8 33. Nf6 Rd3 34. axb5 Be7 35. Bxc6 1-0

[Event "Belgrade-chT"]
[Site "Belgrade"]
[Date "2008.10.08"]
[Round "4"]
[White "Ivanovic, Nikola"]
[Black "Jovicic, Milos"]
[Result "1-0"]
[WhiteElo "2212"]
[BlackElo "2346"]
[PlyCount "35"]
[EventDate "2008.10.05"]
[EventType "team-tourn"]
[EventRounds "9"]
[EventCountry "YUG"]
[SourceTitle "CBM 126 Extra"]
[Source "ChessBase"]
[SourceDate "2008.11.05"]
[SourceVersion "1"]
[SourceVersionDate "2008.11.05"]
[SourceQuality "1"]

1. d4 d5 2. c4 e6 3. Nc3 c5 4. cxd5 cxd4 5. Qxd4 Nc6 6. Qd1 exd5 7. Qxd5 Bd7 8. Nf3 Nf6 9. Qd1 Bc5 10. e3 Qe7 11. Be2 0-0-0 12. 0-0 g5 13. Nd4 Qe5 14. Ncb5 g4 15. b4 Nxb4 16. Bb2 a6 17. Qc1 Ne4 18. Na7+ 1-0

[Event "SRB-chT 1st"]
[Site "Zlatibor"]
[Date "2007.09.01"]
[Round "11"]
[White "Savic, Miodrag R"]
[Black "Jovicic, Milos"]
[Result "1/2-1/2"]
[WhiteElo "2514"]
[BlackElo "2347"]
[PlyCount "92"]
[EventDate "2007.08.21"]
[EventType "team-tourn"]
[EventRounds "11"]
[EventCountry "YUG"]
[SourceTitle "CBM 120 Extra"]
[Source "ChessBase"]
[SourceDate "2007.11.01"]
[SourceVersion "1"]
[SourceVersionDate "2007.11.01"]
[SourceQuality "1"]

1. e4 c5 2. c3 d5 3. exd5 Qxd5 4. Nf3 Nf6 5. Be2 e6 6. 0-0 Be7 7. d4 Nc6 8. Na3 0-0 9. Nb5 Qd8 10. dxc5 Bxc5 11. Bf4 Nd5 12. Bg3 a6 13. Nbd4 Nxd4 14. Nxd4 Qf6 15. Nb3 Bb6 16. Bf3 Rd8 17. Qc2 Bd7 18. c4 Nb4 19. Qc3 Qxc3 20. bxc3 Nc6 21. Rab1 Rac8 22. Nd2 Bc7 23. Rxb7 Bxg3 24. hxg3 Na5 25. Rb6 Bc6 26. Bxc6 Rxc6 27. Rxc6 Nxc6 28. Ne4 Kf8 29. c5 Ke7 30. Rb1 f5 31. Nd6 Rb8 32. Rb3 a5 33. Nc4 Rxb3 34. axb3 e5 35. Kf1 Ke6 36. Ke2 g6 37. Nb6 e4 38. Ke3 Ke5 39. c4 h5 40. f4+ exf3 41. gxf3 g5 42. Nd5 h4 43. f4+ gxf4+ 44. gxf4+ Ke6 45. Nc7+ Kd7 46. Nb5 h3 1/2-1/2

[Event "SRB-chT 1st"]
[Site "Zlatibor"]
[Date "2007.08.28"]
[Round "7"]
[White "Zlatic, Mihailo"]
[Black "Jovicic, Milos"]
[Result "1-0"]
[WhiteElo "2450"]
[BlackElo "2347"]
[PlyCount "73"]
[EventDate "2007.08.21"]
[EventType "team-tourn"]
[EventRounds "11"]
[EventCountry "YUG"]
[SourceTitle "CBM 120 Extra"]
[Source "ChessBase"]
[SourceDate "2007.11.01"]
[SourceVersion "1"]
[SourceVersionDate "2007.11.01"]
[SourceQuality "1"]

1. e4 c5 2. Nf3 d6 3. d4 cxd4 4. Nxd4 Nf6 5. Nc3 a6 6. g3 e5 7. Nde2 Nbd7 8. Bg2 Be7 9. 0-0 b5 10. h3 Bb7 11. g4 b4 12. Nd5 Nxd5 13. exd5 h5 14. gxh5 Nf6 15. Ng3 Rc8 16. Be3 Qd7 17. a3 Rc4 18. axb4 Rxb4 19. Qd3 Nxh5 20. c4 Nxg3 21. fxg3 Rxb2 22. g4 Bc8 23. Rf3 0-0 24. Raf1 Qa4 25. Rc1 Rb3 26. Qe4 a5 27. Bf1 Qa3 28. Rd1 g6 29. Bc1 Qc5+ 30. Be3 Qb4 31. Bd2 Qa4 32. Bh6 Rxf3 33. Qxf3 Re8 34. Bd3 Bd8 35. Rf1 Bb6+ 36. Kh1 Qd7 37. Qf6 1-0

[Event "Belgrade-chT"]
[Site "Belgrade"]
[Date "2005.10.06"]
[Round "6"]
[White "Starcevic, Goran"]
[Black "Jovicic, Milos"]
[Result "0-1"]
[WhiteElo "2179"]
[BlackElo "2365"]
[PlyCount "108"]
[EventDate "2005.10.01"]
[EventType "team-tourn"]
[EventRounds "9"]
[EventCountry "YUG"]
[SourceTitle "CBM 108 Extra"]
[Source "ChessBase"]
[SourceDate "2005.11.04"]
[SourceVersion "1"]
[SourceVersionDate "2005.11.04"]
[SourceQuality "1"]

1. e4 c5 2. Nf3 d6 3. Bb5+ Bd7 4. a4 Nc6 5. 0-0 Nf6 6. d3 a6 7. Bxc6 Bxc6 8. a5 g6 9. Nbd2 Bg7 10. Nc4 Nd7 11. Bg5 h6 12. Bh4 0-0 13. Nxd6 g5 14. Nf5 gxh4 15. N3xh4 e6 16. Nxg7 Kxg7 17. g3 Kh7 18. Qe2 f5 19. Ng2 Qf6 20. Nf4 Rae8 21. c3 fxe4 22. dxe4 Ne5 23. b3 Rg8 24. Kh1 Ng6 25. Nxg6 Qxg6 26. f3 Bb5 27. c4 Bc6 28. Rad1 Rd8 29. Rd3 Rxd3 30. Qxd3 Qf6 31. Rd1 Qe5 32. Kg1 Rg7 33. Qe3 Rd7 34. Rxd7+ Bxd7 35. Kg2 Bc6 36. h4 Qd6 37. e5 Qd4 38. Qe2 Be8 39. g4 Bg6 40. Kg3 Qc3 41. h5 Bc2 42. Kh4 Bb1 43. f4 Qc2 44. Qxc2+ Bxc2 45. f5 Bxb3 46. f6 Bxc4 47. g5 Bd3 48. gxh6 Kxh6 49. Kg3 Bb5 50. Kf4 Be8 51. Ke3 Kxh5 52. Kd3 Kg5 53. Kc4 Kf5 54. Kxc5 Kxe5 0-1

[Event "YUG-chT2"]
[Site "Yugoslavia"]
[Date "1994.??.??"]
[Round "4"]
[White "Jovicic, Milos"]
[Black "Mackic, Zoran"]
[Result "1/2-1/2"]
[WhiteElo "2380"]
[BlackElo "2400"]
[PlyCount "24"]
[EventDate "1994.??.??"]
[EventType "team"]
[EventRounds "11"]
[EventCountry "YUG"]
[SourceTitle "EXT 1997"]
[Source "ChessBase"]
[SourceDate "1996.11.15"]
[SourceVersion "1"]
[SourceVersionDate "1996.11.15"]
[SourceQuality "1"]

1. Nf3 Nf6 2. c4 e6 3. Nc3 Bb4 4. Qc2 0-0 5. b3 b6 6. Bb2 Bb7 7. e3 d5 8. a3 Be7 9. cxd5 exd5 10. d4 Nbd7 11. Be2 Re8 12. 0-0 a6 1/2-1/2

[Event "YUG-chT2"]
[Site "Yugoslavia"]
[Date "1994.??.??"]
[Round "10"]
[White "Jovicic, Milos"]
[Black "Tringov, Georgi Petrov"]
[Result "1/2-1/2"]
[WhiteElo "2380"]
[BlackElo "2435"]
[PlyCount "102"]
[EventDate "1994.??.??"]
[EventType "team"]
[EventRounds "11"]
[EventCountry "YUG"]
[SourceTitle "EXT 1997"]
[Source "ChessBase"]
[SourceDate "1996.11.15"]
[SourceVersion "1"]
[SourceVersionDate "1996.11.15"]
[SourceQuality "1"]

1. Nf3 Nf6 2. c4 g6 3. Nc3 Bg7 4. e4 d6 5. d4 0-0 6. h3 c5 7. dxc5 dxc5 8. Qxd8 Rxd8 9. e5 Ne8 10. Nd5 Nc6 11. Bg5 Kf8 12. Bd3 Be6 13. Be4 Bxd5 14. Bxd5 Nxe5 15. 0-0-0 Nxf3 16. Bxf3 Rxd1+ 17. Rxd1 Nd6 18. Bf4 Bd4 19. Bxd6 exd6 20. Rd2 Rb8 21. a4 b6 22. Re2 h5 23. Bd5 h4 24. Kc2 Be5 25. b3 g5 26. Kd3 Kg7 27. Re3 Kg6 28. f3 Re8 29. Re2 Re7 30. Be4+ f5 31. Bd5 Kf6 32. Re1 Rg7 33. Re2 Ke7 34. Rf2 Kd7 35. Kc2 Rg6 36. Bf7 Rf6 37. Bd5 Kc7 38. Kd3 Rf8 39. Kc2 a6 40. Kd3 Rb8 41. Ra2 Rf8 42. Rf2 Rd8 43. Re2 Rb8 44. Ra2 Kd7 45. Re2 Ke7 46. Ra2 Kf6 47. Re2 g4 48. hxg4 fxg4 49. fxg4 Kg5 50. Be6 Rh8 51. Ke4 h3 1/2-1/2

[Event "YUG-chT2"]
[Site "Yugoslavia"]
[Date "1994.??.??"]
[Round "9"]
[White "Kontic, Djordjije"]
[Black "Jovicic, Milos"]
[Result "1/2-1/2"]
[WhiteElo "2390"]
[BlackElo "2380"]
[PlyCount "102"]
[EventDate "1994.??.??"]
[EventType "team"]
[EventRounds "11"]
[EventCountry "YUG"]
[SourceTitle "EXT 1997"]
[Source "ChessBase"]
[SourceDate "1996.11.15"]
[SourceVersion "1"]
[SourceVersionDate "1996.11.15"]
[SourceQuality "1"]

1. e4 c5 2. Ne2 Nf6 3. Nbc3 d5 4. exd5 Nxd5 5. d4 Nxc3 6. bxc3 e6 7. Be3 Be7 8. Nf4 cxd4 9. Bxd4 Bf6 10. Nh5 Bxd4 11. Qxd4 Qxd4 12. cxd4 0-0 13. Be2 Nc6 14. c3 b6 15. f4 Bb7 16. Bf3 Rfd8 17. Bxc6 Bxc6 18. Rg1 Rac8 19. Kd2 Rd5 20. g4 Ra5 21. a3 Bf3 22. Rg3 Bd5 23. f5 f6 24. fxe6 Bxe6 25. Nf4 Bf7 26. Re3 Kf8 27. Ne6+ Bxe6 28. Rxe6 Kf7 29. Re4 Rc4 30. Kc2 Rca4 31. Kb3 b5 32. h3 Ra6 33. Re3 h6 34. Rf3 Re6 35. Rf5 a6 36. Rc5 Kg6 37. h4 Re4 38. h5+ Kh7 39. Rg1 Re3 40. Rc8 Rxd4 41. Ra8 Rdd3 42. Rc1 Rd6 43. a4 Rg3 44. axb5 axb5 45. Re1 Rd7 46. Ree8 g5 47. Rh8+ Kg7 48. Raf8 Rxg4 49. Rhg8+ Kh7 50. Rh8+ Kg7 51. Rhg8+ Kh7 1/2-1/2

[Event "YUG-chT2"]
[Site "Yugoslavia"]
[Date "1994.??.??"]
[Round "7"]
[White "Perovic, Dragan"]
[Black "Jovicic, Milos"]
[Result "1/2-1/2"]
[WhiteElo "2410"]
[BlackElo "2380"]
[PlyCount "107"]
[EventDate "1994.??.??"]
[EventType "team"]
[EventRounds "11"]
[EventCountry "YUG"]
[SourceTitle "EXT 1997"]
[Source "ChessBase"]
[SourceDate "1996.11.15"]
[SourceVersion "1"]
[SourceVersionDate "1996.11.15"]
[SourceQuality "1"]

1. e4 c5 2. Nf3 d6 3. d4 cxd4 4. Nxd4 Nf6 5. Nc3 g6 6. g3 Nc6 7. Nde2 Bd7 8. Bg2 Bg7 9. h3 Qc8 10. a4 0-0 11. Be3 Nb4 12. Rc1 Rd8 13. g4 d5 14. e5 Ne4 15. Bd4 Nxc3 16. Nxc3 e6 17. 0-0 Nc6 18. Re1 Qc7 19. Nb5 Qb8 20. f4 a6 21. Nc3 Nxd4 22. Qxd4 Rc8 23. Bf1 Qa7 24. Qxa7 Rxa7 25. Bd3 Bh6 26. Rf1 Bf8 27. Ra1 Bc5+ 28. Kh2 Bd4 29. Ra3 Bxc3 30. bxc3 Rc5 31. a5 Ra8 32. Rb1 Bb5 33. Kg3 Rac8 34. Rbb3 R8c7 35. Kf3 Bc4 36. Rb4 Bxd3 37. cxd3 Rxc3 38. Rxc3 Rxc3 39. Ke3 Ra3 40. Rxb7 Rxa5 41. f5 gxf5 42. gxf5 exf5 43. Kf4 h6 44. Rd7 Ra4+ 45. Kxf5 Rd4 46. Kf6 Rf4+ 47. Ke7 d4 48. Ra7 Rf5 49. e6 fxe6 50. Kxe6 Rf3 51. Rxa6 Rxd3 52. Kf6 Rg3 53. Ra8+ Kh7 54. Ra7+ 1/2-1/2

[Event "Caorle op-A"]
[Site "Caorle"]
[Date "1991.07.09"]
[Round "5.7"]
[White "Jovicic, Milos"]
[Black "Zelcic, Robert"]
[Result "1-0"]
[WhiteElo "2335"]
[BlackElo "2415"]
[PlyCount "83"]
[EventDate "1991.07.05"]
[EventType "swiss"]
[EventRounds "9"]
[EventCountry "ITA"]
[SourceTitle "EXT 2023"]
[Source "ChessBase"]
[SourceDate "2022.10.05"]
[SourceVersion "1"]
[SourceVersionDate "2022.10.05"]
[SourceQuality "1"]

1. Nf3 Nf6 2. c4 e6 3. Nc3 c5 4. g3 Nc6 5. Bg2 d5 6. cxd5 exd5 7. d4 Be7 8. 0-0 0-0 9. dxc5 Bxc5 10. Na4 Be7 11. b3 Bg4 12. Bb2 Rc8 13. Rc1 Ne4 14. Nd4 Nxd4 15. Qxd4 Bf6 16. Rxc8 Bxc8 17. Qxa7 b5 18. Bxf6 Qxf6 19. Nb6 Be6 20. a4 Nd2 21. Rd1 Qe5 22. Nxd5 Bxd5 23. Rxd2 Qa1+ 24. Bf1 Bxb3 25. Qe7 g6 26. axb5 Qa5 27. Qd7 Be6 28. Qd3 Bf5 29. Qd6 Be4 30. b6 Qa8 31. f3 Bf5 32. e4 Be6 33. Kg2 Qa1 34. Be2 Qb1 35. Qd4 Rb8 36. Rb2 Qe1 37. Qd6 Rb7 38. Qd8+ Kg7 39. Qd4+ f6 40. Ba6 Rd7 41. Qxd7+ Bxd7 42. b7 1-0

[Event "Caorle op-A"]
[Site "Caorle"]
[Date "1991.07.08"]
[Round "4.5"]
[White "Mohr, Georg"]
[Black "Jovicic, Milos"]
[Result "1/2-1/2"]
[WhiteElo "2465"]
[BlackElo "2335"]
[PlyCount "50"]
[EventDate "1991.07.05"]
[EventType "swiss"]
[EventRounds "9"]
[EventCountry "ITA"]
[SourceTitle "EXT 2023"]
[Source "ChessBase"]
[SourceDate "2022.10.05"]
[SourceVersion "1"]
[SourceVersionDate "2022.10.05"]
[SourceQuality "1"]

1. Nf3 d5 2. c4 e6 3. g3 dxc4 4. Bg2 Nf6 5. Qa4+ Nbd7 6. Qxc4 a6 7. Qc2 c5 8. 0-0 b5 9. a4 Bb7 10. Nc3 Qb6 11. d3 Nd5 12. Nxd5 Bxd5 13. e4 Bc6 14. Be3 bxa4 15. d4 Qb3 16. Qc1 Qb7 17. d5 exd5 18. exd5 Bxd5 19. Bg5 Bd6 20. Qe3+ Kf8 21. Rfe1 h6 22. Be7+ Bxe7 23. Qxe7+ Kg8 24. Ne5 Nxe5 25. Qxb7 Bxb7 1/2-1/2

[Event "Belgrade-C"]
[Site "Belgrade"]
[Date "1991.??.??"]
[Round "3"]
[White "Jovicic, Milos"]
[Black "Ziatdinov, Raset"]
[Result "0-1"]
[WhiteElo "2335"]
[BlackElo "2515"]
[PlyCount "128"]
[EventDate "1991.08.??"]
[EventType "tourn"]
[EventRounds "11"]
[EventCountry "YUG"]
[EventCategory "7"]
[SourceTitle "EXT 1998"]
[Source "ChessBase"]
[SourceDate "1997.11.17"]
[SourceVersion "1"]
[SourceVersionDate "1997.11.17"]
[SourceQuality "1"]

1. Nf3 d5 2. d4 Nf6 3. c4 e6 4. Nc3 Be7 5. Bg5 0-0 6. e3 Nbd7 7. Qc2 c5 8. cxd5 cxd4 9. Nxd4 Nxd5 10. Bxe7 Nxe7 11. Rd1 a6 12. Bd3 h6 13. 0-0 Qc7 14. Ne4 Qb8 15. Nf3 Nd5 16. Bc4 N7b6 17. Bb3 Bd7 18. Rd4 Rc8 19. Qd2 Bc6 20. Ng3 Nf6 21. Rd1 Qc7 22. Qa5 Bd5 23. e4 Bxb3 24. axb3 Nbd7 25. Qxc7 Rxc7 26. e5 Nd5 27. Nf5 Nc5 28. Nd2 Kf8 29. Nd6 Nd7 30. f4 b5 31. Ra1 N7b6 32. Kf2 Ke7 33. Ke2 f6 34. g3 Rc2 35. Rb1 fxe5 36. fxe5 Nd7 37. Nf5+ exf5 38. Rxd5 Rac8 39. Kd3 R8c5 40. Rxc5 Rxc5 41. Nf3 Rd5+ 42. Kc3 Nxe5 43. Nxe5 Rxe5 44. Kd3 Kf6 45. Rc1 Re6 46. Rc7 g6 47. h4 g5 48. Rc8 Kg6 49. Rf8 Rf6 50. h5+ Kg7 51. Ra8 Re6 52. Kd4 f4 53. Kd5 Rf6 54. gxf4 gxf4 55. Ra7+ Rf7 56. Rxa6 f3 57. Rg6+ Kf8 58. Rg1 f2 59. Rf1 Ke7 60. Ke5 b4 61. Kd5 Rf5+ 62. Ke4 Kf6 63. Ke3 Kg5 64. Ke2 Kg4 0-1

[Event "YUG-chT FL"]
[Site "Arandjelovac"]
[Date "1990.??.??"]
[Round "10"]
[White "Jovicic, Milos"]
[Black "Barlov, Dragan"]
[Result "1-0"]
[WhiteElo "2325"]
[BlackElo "2495"]
[PlyCount "71"]
[EventDate "1990.??.??"]
[EventType "team"]
[EventRounds "11"]
[EventCountry "YUG"]
[SourceTitle "EXT 1997"]
[Source "ChessBase"]
[SourceDate "1996.11.15"]
[SourceVersion "1"]
[SourceVersionDate "1996.11.15"]
[SourceQuality "1"]

1. Nf3 g6 2. e4 Bg7 3. c4 d6 4. d4 c6 5. Nc3 Bg4 6. Be2 Qb6 7. Na4 Qa5+ 8. Bd2 Qc7 9. Be3 Bxf3 10. Bxf3 c5 11. 0-0 cxd4 12. Bxd4 Bxd4 13. Qxd4 Nf6 14. c5 Nc6 15. cxd6 Qxd6 16. Qxd6 exd6 17. Rad1 Ke7 18. Nc3 Rac8 19. Be2 Ne5 20. Rd4 a6 21. f4 Nc6 22. Rd2 b5 23. Re1 Nb8 24. e5 dxe5 25. fxe5 Nfd7 26. Nd5+ Kf8 27. Bg4 Rc4 28. Nf6 Nxe5 29. Rxe5 Kg7 30. Ne8+ Kh6 31. Bf3 Nc6 32. Bxc6 Rxc6 33. g4 f5 34. Nd6 Rf8 35. gxf5 Rf6 36. Re6 1-0

[Event "YUG-chT FL"]
[Site "Arandjelovac"]
[Date "1990.??.??"]
[Round "3"]
[White "Miljanic, Boro"]
[Black "Jovicic, Milos"]
[Result "1-0"]
[WhiteElo "2380"]
[BlackElo "2325"]
[PlyCount "63"]
[EventDate "1990.??.??"]
[EventType "team"]
[EventRounds "11"]
[EventCountry "YUG"]
[SourceTitle "EXT 1997"]
[Source "ChessBase"]
[SourceDate "1996.11.15"]
[SourceVersion "1"]
[SourceVersionDate "1996.11.15"]
[SourceQuality "1"]

1. e4 c5 2. Nf3 d6 3. d4 cxd4 4. Qxd4 a6 5. Bg5 h6 6. Bh4 Nc6 7. Qd2 g5 8. Bg3 Bg7 9. c3 Nf6 10. Bd3 Nh5 11. Na3 Bg4 12. Be2 Bxf3 13. Bxf3 Nxg3 14. hxg3 Qc7 15. Bh5 e6 16. Nc2 Ne5 17. Ne3 0-0 18. Be2 Qc6 19. Qc2 Qc5 20. Qd2 Qc6 21. f4 gxf4 22. gxf4 Ng6 23. Bf3 Nxf4 24. Ng4 h5 25. Nf6+ Bxf6 26. Qxf4 Bg7 27. Rxh5 Rfc8 28. Qe3 Qa4 29. Bd1 Qd7 30. Bc2 Rc4 31. 0-0-0 Rac8 32. Rdh1 1-0

[Event "YUG-chT FL"]
[Site "Arandjelovac"]
[Date "1990.??.??"]
[Round "7"]
[White "Vencl, Radivoje"]
[Black "Jovicic, Milos"]
[Result "1/2-1/2"]
[WhiteElo "2305"]
[BlackElo "2325"]
[PlyCount "109"]
[EventDate "1990.??.??"]
[EventType "team"]
[EventRounds "11"]
[EventCountry "YUG"]
[SourceTitle "EXT 1997"]
[Source "ChessBase"]
[SourceDate "1996.11.15"]
[SourceVersion "1"]
[SourceVersionDate "1996.11.15"]
[SourceQuality "1"]

1. e4 c5 2. f4 d5 3. e5 Nc6 4. c3 Bf5 5. d3 e6 6. Be2 f6 7. Bh5+ g6 8. Be2 fxe5 9. g4 Qh4+ 10. Kd2 e4 11. gxf5 gxf5 12. Qe1 Qxf4+ 13. Kc2 Qe5 14. Nh3 exd3+ 15. Bxd3 c4 16. Be2 0-0-0 17. Bg5 Be7 18. Bf4 Qe4+ 19. Kc1 Bc5 20. Nd2 Be3 21. Rf1 Bxf4 22. Nxf4 Qe5 23. Kc2 Nf6 24. Rd1 Rhg8 25. Qf2 Ne4 26. Qe3 d4 27. cxd4 Nxd4+ 28. Kb1 Nxe2 29. Qxe2 Rxd2 30. Rxd2 c3 31. Rc2 Kb8 32. Nd3 Qd4 33. Rd1 cxb2 34. Qe1 Rc8 35. Nxb2 Nc3+ 36. Rxc3 Qxc3 37. Qxc3 Rxc3 38. Re1 Rh3 39. Rxe6 Rxh2 40. Rf6 h5 41. Rxf5 h4 42. Rh5 h3 43. Nd3 Rd2 44. Nb2 h2 45. a4 Kc7 46. Ka2 Kd7 47. Kb3 Ke6 48. Kc3 Rg2 49. Nd3 Kf6 50. a5 b6 51. a6 Ra2 52. Nb4 Kg6 53. Rh8 Rg2 54. Nc6 Kg7 55. Rh4 1/2-1/2

[Event "Caorle op"]
[Site "Caorle"]
[Date "1989.??.??"]
[Round "4"]
[White "Galic, Zeljko"]
[Black "Jovicic, Milos"]
[Result "0-1"]
[WhiteElo "2200"]
[BlackElo "2355"]
[PlyCount "57"]
[EventDate "1989.07.??"]
[EventType "swiss"]
[EventRounds "8"]
[EventCountry "ITA"]
[SourceTitle "EXT 2000"]
[Source "ChessBase"]
[SourceDate "1999.11.16"]
[SourceVersion "1"]
[SourceVersionDate "1999.11.16"]
[SourceQuality "1"]

1. b3 d5 2. Bb2 Bg4 3. g3 c5 4. Bg2 Nc6 5. Nf3 d4 6. d3 e5 7. h3 Be6 8. c4 h6 9. Na3 Qd7 10. Nc2 Nf6 11. a3 Bd6 12. e3 0-0 13. exd4 exd4 14. b4 Rae8 15. Kf1 b6 16. Kg1 Bf5 17. Kh2 g5 18. Qd2 Nh5 19. b5 Nd8 20. h4 Nf4 21. hxg5 Re2 22. Qd1 Rxf2 23. gxf4 Bh3 24. Nfe1 Bg4 25. Qb1 Re8 26. Kg1 Ree2 27. Bc1 hxg5 28. Bf1 Qe7 29. Ra2 0-1

[Event "Caorle op"]
[Site "Caorle"]
[Date "1989.??.??"]
[Round "8"]
[White "Jovicic, Milos"]
[Black "Vujosevic, Vladimir"]
[Result "1/2-1/2"]
[WhiteElo "2355"]
[BlackElo "2365"]
[PlyCount "20"]
[EventDate "1989.07.??"]
[EventType "swiss"]
[EventRounds "8"]
[EventCountry "ITA"]
[SourceTitle "EXT 2000"]
[Source "ChessBase"]
[SourceDate "1999.11.16"]
[SourceVersion "1"]
[SourceVersionDate "1999.11.16"]
[SourceQuality "1"]

1. Nf3 d5 2. d4 Nf6 3. c4 e6 4. Nc3 Be7 5. cxd5 exd5 6. Bg5 0-0 7. e3 Nbd7 8. Bd3 Re8 9. 0-0 Nf8 10. Qc2 c6 1/2-1/2

[Event "Caorle op"]
[Site "Caorle"]
[Date "1989.??.??"]
[Round "6"]
[White "Vujovic, Milivoje"]
[Black "Jovicic, Milos"]
[Result "0-1"]
[WhiteElo "2310"]
[BlackElo "2355"]
[PlyCount "94"]
[EventDate "1989.07.??"]
[EventType "swiss"]
[EventRounds "8"]
[EventCountry "ITA"]
[SourceTitle "EXT 2000"]
[Source "ChessBase"]
[SourceDate "1999.11.16"]
[SourceVersion "1"]
[SourceVersionDate "1999.11.16"]
[SourceQuality "1"]

1. e4 c5 2. Nf3 d6 3. d4 cxd4 4. Nxd4 Nf6 5. Nc3 g6 6. h3 Bg7 7. Bc4 0-0 8. Bb3 Nc6 9. Be3 a6 10. 0-0 Na5 11. f4 Nxb3 12. axb3 b5 13. Ndxb5 Bb7 14. e5 axb5 15. exf6 Bxf6 16. Qd2 Qd7 17. Rae1 Qc6 18. f5 b4 19. Na4 Ra5 20. Rf3 Rxf5 21. Rxf5 gxf5 22. Bg5 Bd4+ 23. Be3 Be5 24. Bh6 Bd4+ 25. Kh1 Re8 26. Re2 Bf6 27. Qxb4 Kh8 28. Qc4 Qxc4 29. bxc4 Ra8 30. b3 Bc6 31. c5 Bxa4 32. bxa4 dxc5 33. Rd2 Bd4 34. g3 Kg8 35. g4 fxg4 36. Rg2 f6 37. Rxg4+ Kf7 38. Rg7+ Ke6 39. Rxh7 c4 40. h4 Rxa4 41. Bf8 Bc5 42. h5 Ra8 43. Bh6 Ra2 44. Rh8 Rxc2 45. Bf4 Rf2 46. Bg3 Rf5 47. h6 c3 0-1

[Event "Belgrade op"]
[Site "Belgrade"]
[Date "1989.??.??"]
[Round "1"]
[White "Vujovic, Predrag"]
[Black "Jovicic, Milos"]
[Result "0-1"]
[WhiteElo "2245"]
[BlackElo "2350"]
[PlyCount "30"]
[EventDate "1989.11.??"]
[EventType "swiss"]
[EventRounds "9"]
[EventCountry "YUG"]
[SourceTitle "EXT 1997"]
[Source "ChessBase"]
[SourceDate "1996.11.15"]
[SourceVersion "1"]
[SourceVersionDate "1996.11.15"]
[SourceQuality "1"]

1. d4 d5 2. c3 c5 3. dxc5 e5 4. e4 Nf6 5. exd5 Bxc5 6. Bb5+ Nbd7 7. Be3 Bxe3 8. fxe3 Qb6 9. c4 Qxe3+ 10. Qe2 Qc1+ 11. Kf2 0-0 12. Bxd7 Bxd7 13. h3 Bf5 14. Qe1 Ne4+ 15. Ke2 Qxb2+ 0-1

[Event "Caorle op"]
[Site "Caorle"]
[Date "1988.??.??"]
[Round "2"]
[White "Jovicic, Milos"]
[Black "Capuano, Ruggiero"]
[Result "1-0"]
[WhiteElo "2365"]
[BlackElo "1940"]
[PlyCount "147"]
[EventDate "1988.??.??"]
[EventType "swiss"]
[EventRounds "8"]
[EventCountry "ITA"]
[SourceTitle "EXT 1999"]
[Source "ChessBase"]
[SourceDate "1998.11.16"]
[SourceVersion "1"]
[SourceVersionDate "1998.11.16"]
[SourceQuality "1"]

1. Nf3 Nf6 2. c4 e6 3. Nc3 d5 4. d4 Be7 5. Bg5 h6 6. Bh4 0-0 7. Rc1 b6 8. Bxf6 Bxf6 9. cxd5 exd5 10. g3 Re8 11. Bg2 Bb7 12. 0-0 c6 13. Re1 Nd7 14. e4 Nf8 15. exd5 Rxe1+ 16. Qxe1 cxd5 17. Ne5 Ne6 18. Qe3 Qd6 19. f4 Rd8 20. a3 a6 21. Re1 b5 22. b4 Qb6 23. Rd1 Rd6 24. h4 g5 25. hxg5 hxg5 26. f5 Ng7 27. g4 Rd8 28. Nf3 Re8 29. Qd2 Qd8 30. Kf2 Kf8 31. Rh1 Kg8 32. Rh6 Qe7 33. Rh1 Rc8 34. Re1 Qc7 35. Rc1 Qd8 36. Ne2 Rc4 37. Ne5 Bxe5 38. dxe5 Rxg4 39. Bf3 Rh4 40. Nd4 Rh7 41. Bg2 Qb6 42. Qe3 Rh4 43. Rc5 Rf4+ 44. Kg1 Qd8 45. f6 Nh5 46. Qc1 Nxf6 47. exf6 Qxf6 48. Ne2 Rg4 49. Qf1 Qe6 50. Qf3 d4 51. Qxb7 Qxe2 52. Rf5 Qe1+ 53. Rf1 Qe3+ 54. Rf2 Rf4 55. Qc8+ Kg7 56. Qc2 d3 57. Qd2 Qd4 58. Qb2 f6 59. Qxd4 Rxd4 60. Rd2 Kf7 61. Kf2 Rd7 62. Be4 Ke7 63. Ke3 Kd6 64. Bxd3 Rc7 65. Rc2 Rxc2 66. Bxc2 Kd5 67. Bf5 Kc4 68. Bc8 Kb3 69. Kd4 Kxa3 70. Kc5 g4 71. Bxg4 Ka4 72. Bf5 a5 73. Bc2+ Ka3 74. bxa5 1-0

[Event "Caorle op"]
[Site "Caorle"]
[Date "1988.??.??"]
[Round "4"]
[White "Jovicic, Milos"]
[Black "Jovancic, Miodrag"]
[Result "1-0"]
[WhiteElo "2365"]
[BlackElo "2225"]
[PlyCount "109"]
[EventDate "1988.??.??"]
[EventType "swiss"]
[EventRounds "8"]
[EventCountry "ITA"]
[SourceTitle "EXT 1999"]
[Source "ChessBase"]
[SourceDate "1998.11.16"]
[SourceVersion "1"]
[SourceVersionDate "1998.11.16"]
[SourceQuality "1"]

1. Nf3 d5 2. d4 e6 3. c4 c5 4. cxd5 exd5 5. Bg5 Be7 6. Bxe7 Nxe7 7. dxc5 Na6 8. e3 Nxc5 9. Bb5+ Bd7 10. Bxd7+ Qxd7 11. 0-0 0-0 12. Nc3 Rfd8 13. Rc1 Rac8 14. Qd4 Nf5 15. Qg4 d4 16. exd4 Nxd4 17. Qxd4 Qxd4 18. Nxd4 Rxd4 19. Nb5 Rb4 20. Nxa7 Rc7 21. Rfd1 g6 22. b3 b6 23. Rd8+ Kg7 24. Nc8 Re4 25. g3 Re2 26. b4 Rd7 27. Rxd7 Nxd7 28. a4 Rb2 29. b5 Rb4 30. Rc7 Nc5 31. Nxb6 Nxa4 32. Nxa4 Rxa4 33. b6 Rb4 34. b7 Kf6 35. Kf1 Rb2 36. Ke1 Ke6 37. Kd1 h5 38. Kc1 Rb5 39. Kd2 f6 40. h4 g5 41. Kd3 gxh4 42. gxh4 Kd6 43. Rh7 Rb3+ 44. Kc4 Rb1 45. f4 Rb2 46. f5 Rb1 47. Rf7 Kc6 48. Rxf6+ Kxb7 49. Kd5 Kc7 50. Ke6 Re1+ 51. Kf7 Re4 52. Re6 Rxh4 53. Ke7 Rf4 54. f6 h4 55. f7 1-0